Essai sur l'histoire de la critique chez les grecs suivi de la poétique d'Aristote et d'extraits de ses problèmes / (Record no. 98644)
[ view plain ]
| 000 -LEADER | |
|---|---|
| campo de control de longitud fija | 00739nam a22002055i 4500 |
| 001 - NÚMERO DE CONTROL | |
| campo de control | 98644 |
| 003 - IDENTIFICADOR DE NÚMERO DE CONTROL | |
| campo de control | ES-MaACL |
| 005 - FECHA Y HORA DE LA ÚLTIMA TRANSACCIÓN | |
| campo de control | 20250804012335.0 |
| 007 - CAMPO FIJO DE DESCRIPCIÓN FÍSICA--INFORMACIÓN GENERAL | |
| campo de control de longitud fija | t| |
| 008 - DATOS DE LONGITUD FIJA--INFORMACIÓN GENERAL | |
| campo de control de longitud fija | 950918s1849 fr ||||1| fre d |
| 040 ## - FUENTE DE CATALOGACIÓN | |
| Centro catalogador/agencia de origen | CAM |
| Lengua de catalogación | spa |
| Centro/agencia transcriptor | CAM |
| 100 1# - ENTRADA PRINCIPAL--NOMBRE DE PERSONA | |
| Nombre de persona | Egger, Emile. |
| 9 (RLIN) | 46721 |
| 245 10 - MENCIÓN DEL TÍTULO | |
| Título | Essai sur l'histoire de la critique chez les grecs suivi de la poétique d'Aristote et d'extraits de ses problèmes / |
| Mención de responsabilidad, etc. | avec traduction française et commentaire par E. Egger. |
| 260 ## - PUBLICACIÓN, DISTRIBUCIÓN, ETC. | |
| Lugar de publicación, distribución, etc. | Paris : |
| Nombre del editor, distribuidor, etc. | A. Durand, |
| Fecha de publicación, distribución, etc. | 1849 ( |
| Fabricante | Imp. de Crapelet) |
| 300 ## - DESCRIPCIÓN FÍSICA | |
| Extensión | VI, 548 p. ; |
| Dimensiones | 21 cm. |
| 600 04 - PUNTO DE ACCESO ADICIONAL DE MATERIA--NOMBRE DE PERSONA | |
| Nombre de persona | Aristóteles- |
| Subdivisión general | Crítica e interpretación. |
| 9 (RLIN) | 22862 |
| 700 0# - ENTRADA AGREGADA--NOMBRE PERSONAL | |
| Nombre de persona | Aristóteles |
| 9 (RLIN) | 22861 |
| 852 ## - LOCALIZACIÓN | |
| Ubicación | ES-MaACL |
| Número de control de estantería | Z-130 |
| Encuadernación | Olim: G-7090 |
| Estatus retirado | Estado de pérdida | Estado de daño | No para préstamo | Colección | Biblioteca de origen | Biblioteca actual | Ubicación en estantería | Fecha de adquisición | Fuente de adquisición | Total de préstamos | Signatura topográfica completa | Código de barras | Visto por última vez | Precio de reemplazo | Tipo de ítem Koha |
|---|---|---|---|---|---|---|---|---|---|---|---|---|---|---|---|
| Libros del s. XIX | Biblioteca del Ateneo de Madrid | Biblioteca del Ateneo de Madrid | Depósito Z | 17/01/2008 | Z-130 | 1102981 | 23/02/2023 | 23/02/2023 | Libro impreso antiguo |
